Investments

Saved in:
Bibliographic Details
Main Author: BODIE, Zvi Kane, Alex Marcus, Alan J.
Format: Book
Language:English
Published: McGraw Hill 2021
Tags: Add Tag
No Tags, Be the first to tag this record!

MARC

LEADER 00000nam a22000007a 4500
008 231006b |||||||| |||| 00| 0 eng d
020 |a 9781260571158 
100 |a BODIE, Zvi  |a Kane, Alex  |a Marcus, Alan J. 
245 |a Investments  |c /Zvi Bodie, Alex Kane, Alan J.Marcus  |g xxviii,964p;ill 
250 |b 12th 
260 |b McGraw Hill   |c 2021  |h New York  |i 700554  |i 700555  |i 700556  |l HG4521.B65  |m Investments  |m Portfolio management 
500 |a it includes index 
942 |a lcc  |c BK  |e Johnson  |f 06/10/23 
952 |0 0  |1 0  |2 lcc  |4 0  |6 HG4521 B65  |7 0  |9 4555  |a SSL  |b HOL  |c GJ  |d 2023-10-06  |l 0  |o HG4521.B65  |p 2023-0475  |r 2023-10-06 00:00:00  |t 700554  |w 2023-10-06  |y BK 
952 |0 0  |1 0  |2 lcc  |4 0  |6 HG4521 B65  |7 0  |9 4556  |a HOL  |b HOL  |c GJ  |d 2023-10-06  |l 0  |o HG4521.B65  |p 2023-0476  |r 2023-10-06 00:00:00  |t 700555  |w 2023-10-06  |y BK 
952 |0 0  |1 0  |2 lcc  |4 0  |6 HG4521 B65  |7 0  |9 4557  |a HOL  |b HOL  |c GJ  |d 2023-10-06  |l 0  |o HG4521.B65  |p 2023-0477  |r 2023-10-06 00:00:00  |t 700556  |w 2023-10-06  |y BK 
999 |c 2285  |d 2285